|
|
|
|
| LEADER |
01144nam a2200349 4500 |
| 001 |
DLU200195366 |
| 005 |
##20201214 |
| 040 |
# |
# |
|a DLU
|b vie
|
| 041 |
# |
# |
|a vie
|
| 044 |
# |
# |
|a vn
|
| 100 |
# |
# |
|a Trịnh Ngọc Nam.
|
| 245 |
# |
# |
|a Phân tích hệ phiên mã ở cây mầm lúa trong quá trình đáp ứng với stress đồng bằng kỹ thuật DNA microarray /
|c Trịnh Ngọc Nam, ...[và những người khác].
|
| 653 |
# |
# |
|a Độc tính đồng
|
| 653 |
# |
# |
|a Gốc tự do
|
| 653 |
# |
# |
|a Hormone thực vật
|
| 653 |
# |
# |
|a Microarray
|
| 653 |
# |
# |
|a Nhân tố điều hoà phiên mã
|
| 653 |
# |
# |
|a Oryza sativa
|
| 653 |
# |
# |
|a Sự truyền tín hiệu
|
| 700 |
# |
# |
|a Lê Hồng Thía.
|
| 700 |
# |
# |
|a Nguyễn Nhật Vinh.
|
| 700 |
# |
# |
|a Trần Đỗ Kim Huệ.
|
| 773 |
# |
# |
|t Tạp chí Công nghệ Sinh học
|g Số 14(4), 2016, tr. 629-644
|
| 920 |
# |
# |
|a Phòng Tạp chí -- Trung tâm Thông tin - Thư viện Trường Đại học Đà Lạt
|
| 994 |
# |
# |
|a DLU
|
| 900 |
# |
# |
|a True
|
| 911 |
# |
# |
|a Hoàng Thị Huyền
|
| 925 |
# |
# |
|a G
|
| 926 |
# |
# |
|a A
|
| 927 |
# |
# |
|a BB
|
| 980 |
# |
# |
|a Thư viện Trường Đại học Đà Lạt
|